00610nam a2200181 i 450000100060000000300090000600500170001500700030003200800410003510000300007624500580010625000120016426000360017630000410021285200320025399900170028595201260030220742ES-MaACL20230906152344.0t|021118s1960 sp ||||1| spa d1 aAdmetlla, Eduardo.91845413aLa llamada de las profundidades / cEduardo Admetlla. a2ª ed. aBarcelona : bJuventud, c1960. a224 p., 14 lám. : bil. ; c23 cm. aES-MaACLjC-17630 bR.45774 c20742d20742 00104070aATENEOMbATENEOMcGaleríad2008-01-17eSCl0oC-17630p1021296r2023-02-23 00:00:00w2023-02-23yMONOGRAFIA